| 000 | 00565nam a2200241Ia 4500 | ||
|---|---|---|---|
| 003 | OSt | ||
| 005 | 20221005122331.0 | ||
| 006 | a|||||r|||| 00| 0 | ||
| 007 | ta | ||
| 008 | 221004b |||||||| |||| 00| 0 tel d | ||
| 024 | _a39823 | ||
| 037 | _cTextual | ||
| 040 |
_aCRL _cCRL _btel |
||
| 041 |
_2tel _atel |
||
| 082 | _aY15, 35N7 | ||
| 100 | _aSita Devi | ||
| 245 | 0 | _aJanani janma bhoomischa... | |
| 260 | _c1997 | ||
| 300 |
_a127p. _ccm. |
||
| 650 | _aWOMEN | ||
| 942 |
_hY15, 35N7 _cTEXL _2cc |
||
| 999 |
_c1043963 _d1043963 |
||